000 01107nam a2200265Ia 4500
003 OSt
005 20220930094810.0
006 a|||||r|||| 00| 0
007 ta
008 220926b |||||||| |||| 00| 0 hin d
024 _a19604
037 _cTheses
040 _aCRL
_cCRL
_bhin
041 _2hin
_ahin
100 _aसुखराम
110 _aदिल्ली विश्वविद्यालय. कला संकाय. संस्कृत विभाग
_9556312
245 0 _aहरदत्त मिश्र का व्याकरणदर्शन को योगदान
246 _aHaradatta mishra kā vyākaraṇadarshan ko yogadāna
260 _c2013
650 _aसंस्कृत साहित्य
700 _a डॉ. ओमनाथ बिमली, गा.
_9556313
700 _aदिल्ली विश्वविद्यालय. कला संकाय. संस्कृत विभाग
_9556314
942 _cDIS
_2CC
999 _c887699
_d887699